000 00688nam a2200241Ia 4500
003 OSt
005 20220924115625.0
006 a|||||r|||| 00| 0
007 ta
008 220923b |||||||| |||| 00| 0 hin d
024 _a13638
037 _cTextual
040 _aARTS
_cARTS
_bhin
041 _2hin
_ahin
082 _a/\25x1ot2, 152M9 (P15)
100 _aRaina Suvira
_9179016
245 0 _aNaradiya evam Shandilya bhakti sutron ka tulnatmak adhyayan
260 _aDelhi
_bEaster Books Linkers
_c1989
300 _a358p.
_ccm.
650 _aSPIRurdALISM
942 _h/\25x1ot2, 152M9 (P15)
_cTEXL
_2CC
999 _c399195
_d399195